Anatomy 101 - Statistics

General Stats
  • This quiz has been taken 1,068 times
  • The average score is 24 of 49
Answer Stats
Hint Answer % Correct
Upper Leg Femur
90%
Knee Patella
87%
Anterior Leg Tibia
84%
Lower Spine (5) Lumbar Vertebrae
83%
Tail Bone (4) Coccyx
81%
Posterior/Lateral Leg Fibula
80%
Upper Vertebrae (7) Cervical Vertebrae
79%
Jaw Bone Mandible
79%
Medial Arm Ulna
79%
Lateral Arm Radius
78%
Collarbone Clavicle
77%
Upper Arm Humerus
77%
Protects Lungs Ribs
76%
Breastbone Sternum
76%
Vertebrae In Line With Ribs (12) Thoracic Vertebrae
76%
Shoulder Blade Scapula
75%
Fusion of 5 Vertebrae (5) Sacrum
63%
Skull Bone Frontal
53%
Skull Bone Occipital
53%
Upper Jaw Bone Maxilla
52%
Hand Bones Metacarpals
52%
Heelbone Calcaneus
47%
Skull Bone Temporal
46%
Skull Bone Parietal
44%
Part of Pelvis Ilium
43%
Middle Pelvis Pubis
36%
Bone of the Foot Talus
35%
Neck Bone (Covers Trachea) Hyoid
34%
Carpal Bone Scaphoid
33%
Carpal Bone Lunate
31%
Skull Bone Zygomatic
31%
Carpal Bone Hamate
30%
Carpal Bone Trapezoid
30%
Carpal Bone Pisiform
28%
Carpal Bone Trapezium
28%
Bone of the Foot Cuboid
27%
Bone of the Foot Navicular
27%
Skull Bone Sphenoid
26%
Carpal Bone Capitate
25%
Third Toe Bones (10) Distal Phalanges
24%
Third Finger Bones (10) Distal Phalanges
24%
First Toe Bones (10) Proximal Phalanges
24%
First Finger Bones (10) Proximal Phalanges
24%
Skull Bone Ethmoid
23%
Group of bones in the foot (3) Cuneiforms
22%
Second Toe Bones (8) Middle Phalanges
21%
Second Finger Bones (8) Middle Phalanges
21%
Carpal Bone Triquetrum
21%
Lower Pelvis Ishium
19%
No matching quizzes found
Score Distribution
Percent of People with Each Score
Percentile by Number Answered
Your Score History
You have not taken this quiz